Mohabbatain Jab Shumaar Karna (Record no. 325197)
[ view plain ]
| 000 -LEADER | |
|---|---|
| fixed length control field | 00302 a2200121 4500 |
| 001 - CONTROL NUMBER | |
| control field | 90124 |
| 003 - CONTROL NUMBER IDENTIFIER | |
| control field | NUST |
| 082 ## - DEWEY DECIMAL CLASSIFICATION NUMBER | |
| Classification number | 891.4391 NOS |
| 100 ## - MAIN ENTRY--PERSONAL NAME | |
| Personal name | Noshi Gillani |
| 9 (RLIN) | 9751 |
| 245 ## - TITLE STATEMENT | |
| Title | Mohabbatain Jab Shumaar Karna |
| Medium | Urdu |
| 260 ## - PUBLICATION, DISTRIBUTION, ETC. | |
| Place of publication, distribution, etc. | Lahore |
| Name of publisher, distributor, etc. | Al Hamd Publications |
| Date of publication, distribution, etc. | 1997 |
| 300 ## - PHYSICAL DESCRIPTION | |
| Extent | 266p. |
| 942 ## - ADDED ENTRY ELEMENTS (KOHA) | |
| Institution code [OBSOLETE] | CAE NUST |
| Call number prefix | 891.4391 NOS |
| Koha item type | Book |
| Source of classification or shelving scheme | |
| Withdrawn status | Lost status | Damaged status | Not for loan | Collection code | Permanent Location | Current Location | Date acquired | Total Checkouts | Full call number | Barcode | Date last seen | Price effective from | Koha item type |
|---|---|---|---|---|---|---|---|---|---|---|---|---|---|
| College of Aeronautical Engineering (CAE) | College of Aeronautical Engineering (CAE) | 04/03/2017 | 891.4391 NOS | CAE86594 | 04/05/2017 | 04/05/2017 | Book |
